Высоковольтный импульсный генератор для электроразрядной технологии; Перспективы развития фундаментальных наук

Dettagli Bibliografici
Parent link:Перспективы развития фундаментальных наук.— 2012.— [С. 58-60]
Autore principale: Ганьков Д. В.
Altri autori: Голощапов Я. Д. (научный руководитель), Дацкевич С. Ю. Сергей Юрьевич, Важов В. Ф. Владислав Фёдорович
Riassunto:Заглавие с экрана
We designed, manufactured and tested the generator of pulse voltage to the cutting of rocks by electric pulse on voltage 300 kV with pulse energy of 244 J. The parameters of the voltage pulse meet the requirements for the cutting in water by electro-pulse technology.
Lingua:russo
Pubblicazione: 2012
Serie:Физика
Soggetti:
Accesso online:http://www.lib.tpu.ru/fulltext/c/2012/C21/015.pdf
Natura: Elettronico Capitolo di libro
KOHA link:https://koha.lib.tpu.ru/cgi-bin/koha/opac-detail.pl?biblionumber=236296

MARC

LEADER 00000naa2a2200000 4500
001 236296
005 20260413104823.0
035 |a (RuTPU)RU\TPU\book\257456 
035 |a RU\TPU\book\257440 
090 |a 236296 
100 |a 20130422d2012 k y0rusy50 ca 
101 0 |a rus 
102 |a RU 
135 |a drcn ---uucaa 
181 0 |a i  
182 0 |a b 
200 1 |a Высоковольтный импульсный генератор для электроразрядной технологии  |f Д. В. Ганьков, Я. Д. Голощапов, С. Ю. Дацкевич  |g науч. рук. В. Ф. Важов  |d High voltage pulse generator for electro-disharge technology 
203 |a Текст  |c электронный 
215 |a 1 файл(462 Кб) 
225 1 |a Физика 
300 |a Заглавие с экрана 
320 |a [Библиогр.: с. 60 (4 назв.)] 
330 |a We designed, manufactured and tested the generator of pulse voltage to the cutting of rocks by electric pulse on voltage 300 kV with pulse energy of 244 J. The parameters of the voltage pulse meet the requirements for the cutting in water by electro-pulse technology. 
337 |a Adobe Reader 
463 1 |0 (RuTPU)RU\TPU\book\256864  |t Перспективы развития фундаментальных наук  |o сборник научных трудов IX Международной конференция студентов и молодых ученых, г. Томск, 24-27 апреля 2012 г.  |f Национальный исследовательский Томский политехнический университет (ТПУ)  |v [С. 58-60]  |l Prospects of fundamental sciences development  |d 2012 
510 1 |a High voltage pulse generator for electro-disharge technology  |z eng 
610 1 |a электронный ресурс 
610 1 |a труды учёных ТПУ 
610 1 |a высоковольтные импульсные генераторы 
610 1 |a электроразрядные технологии 
700 1 |a Ганьков  |b Д. В. 
701 1 |a Голощапов  |b Я. Д. 
701 1 |a Дацкевич  |b С. Ю.  |c электрофизик  |c младший научный сотрудник Томского политехнического университета  |f 1981-  |g Сергей Юрьевич  |3 (RuTPU)RU\TPU\pers\27967  |9 12957 
702 1 |a Важов  |b В. Ф.  |c специалист в области энергетики  |c доцент Томского политехнического университета, кандидат технических наук  |f 1939-  |g Владислав Фёдорович  |4 727 
801 1 |a RU  |b 63413507  |c 20101016 
801 2 |a RU  |b 63413507  |c 20131016  |g RCR 
856 4 |u http://www.lib.tpu.ru/fulltext/c/2012/C21/015.pdf 
942 |c CF